|
|
|
|
| LEADER |
00578nam a22001817a 4500 |
| 020 |
|
|
|a 9789388597944
|
| 082 |
|
|
|a M3
|b VAT/G
|
| 100 |
|
|
|a Vatsala P
|9 160325
|
| 245 |
|
|
|a Gayathri/
|c by Vatsala P
|
| 250 |
|
|
|a 3
|
| 260 |
|
|
|a Thiruvanathapuram:
|b National Book Stall,
|c 2019.
|
| 300 |
|
|
|a 296p.
|
| 650 |
|
|
|a Novel Malayalam
|9 160326
|
| 650 |
|
|
|a Literature Malayalam
|9 160327
|
| 650 |
|
|
|a Literature
|9 160328
|
| 942 |
|
|
|c BK
|
| 999 |
|
|
|c 141984
|d 141984
|
| 952 |
|
|
|0 0
|1 0
|4 0
|6 M_3_000000000000000_VAT_G
|7 0
|9 98240
|a SSUS
|b SSUS
|c STACKS
|d 2019-05-13
|g 320.00
|o M3 VAT/G
|p 095276
|r 2019-05-13
|w 2019-05-13
|y BK
|